<?xml version="1.0" encoding="UTF-8"?>
<collection xmlns="http://www.loc.gov/MARC21/slim">
  <record>
    <leader>00000nam  2200000   4500</leader>
    <controlfield tag="001">INLIS000000000002246</controlfield>
    <controlfield tag="005">20180724144532</controlfield>
    <controlfield tag="008">180724|||||||||   |   |||   |||| ||   | </controlfield>
    <datafield tag="035" ind1=" " ind2=" ">
      <subfield code="0">010-0718002246</subfield>
    </datafield>
    <datafield tag="041" ind1=" " ind2=" ">
      <subfield code="a">id</subfield>
    </datafield>
    <datafield tag="082" ind1=" " ind2=" ">
      <subfield code="a">R. 05 PIM II 2017</subfield>
    </datafield>
    <datafield tag="090" ind1=" " ind2=" ">
      <subfield code="a">R. 05 PIM II 2017</subfield>
    </datafield>
    <datafield tag="100" ind1=" " ind2=" ">
      <subfield code="a">Sudirman</subfield>
    </datafield>
    <datafield tag="245" ind1=" " ind2=" ">
      <subfield code="a">Penyusunan Sistem Informasi Terpadu Pengentasan Kemiskinan Di Kabupaten Tanjung Jabung Timur</subfield>
    </datafield>
    <datafield tag="260" ind1=" " ind2=" ">
      <subfield code="a">Jakarta</subfield>
      <subfield code="b">LAN Jakarta</subfield>
      <subfield code="c">2017</subfield>
    </datafield>
    <datafield tag="300" ind1=" " ind2=" ">
      <subfield code="a">v:, 62 hlm:, 30 cm</subfield>
    </datafield>
    <datafield tag="500" ind1=" " ind2=" ">
      <subfield code="a">Tujuan jangka pendek dari proyek ini adalah membuat kebijakan Sistem Informasi Terpadu, Sistem Aplikasi, dan Optimalisasi antar OPD untuk sinkronisasi (validasi-verifikasi) data/informasi kemiskinan di kabupaten Tanjung Jabung Timur.&#13;
Tujuan jangka menengah dari proyek ini adalah melakukan peningkatan/penambahan sarana dan prasarana guna penyempurnaan dan perluasan jaringan untuk menunjang penggunaan Sistem Informasi Terpadu di setiap OPD melalui APBD Perubahan di tahun 2017.&#13;
Tujuan jangka panjang dari proyek ini adalah melakukan monitoring dan evaluasi terhadap penggunaan Sistem Informasi Terpadu disetiap OPD di Kabupaten Tanjung Jabung Timur; terjaminnya Sistem Informasi Terpadu, Sistem Aplikasi, dan optimalisasi antar OPD untuk sinkronisasi (validasi-verifikasi) data/informasi pengentasan kemiskinan, di Kabupaten Tanjung Jabung Timur.</subfield>
    </datafield>
    <datafield tag="650" ind1=" " ind2=" ">
      <subfield code="a">Pengentasan Kemiskinan</subfield>
    </datafield>
  </record>
</collection>
